| 000 | 00805cab a2200229 4500 | ||
|---|---|---|---|
| 001 | WB2832-49 | ||
| 008 | 090401t1992 xxu||||| |||| 00| 0 eng d | ||
| 035 | _a(Sirsi) u87544 | ||
| 041 | _aeng | ||
| 245 | _aPrice divides agents and valuers | ||
| 260 | _c1992 | ||
| 350 | _a0 | ||
| 490 |
_aWestern Morning News _v10 August 1992, 9(1) |
||
| 520 | _a`Down-valuing` of property by surveyors acting on behalf of building societies is exacerbating problems faced by agents in the housing market. A local view from south-west England. | ||
| 650 | _aDOWN-VALUING | ||
| 650 | _aHOUSING MARKET | ||
| 650 | _aUNDER-VALUATION | ||
| 690 | _aPROPERTY-RESIDENTIAL PROPERTY-RESIDENTIAL PROPERTY MARKET | ||
| 690 | _aMANAGEMENT-BUSINESS MANAGEMENT-PROFESSIONAL PRACTICE | ||
| 942 | _n0 | ||
| 948 | _c04/03/1997 | ||
| 999 |
_c55230 _d55230 |
||